000 01017cam a2200229 4500
001 ABS64369
008 010910n2001 000 0 eng u
035 _a(Sirsi) u114484
100 _aBurke, N
245 _aData deluge
260 _c2001
490 _aSurveyor
_v188(5646) 30 August 2001, 16-18(3)
520 _aDescribes the work carried out since the floods of 2000 which resulted in the creation of a national flood and coastal defence database (NFCCD). It is hoped that the NFCCD will be available in 2002 to provide a central reference tool for the organisations - the Environment Agency, local authorities and internal drainage boards - will be able to draw upon in assessing risks for planning applications and planning flood and coastal defences.
590 _aABS
650 _aFLOODING
650 _aPLANNING SYSTEM
650 _aFLOOD DEFENCE
650 _aCOASTAL DEFENCE
650 _aNATIONAL FLOOD AND COASTAL DEFENCE DATABASE
690 _aENVIRONMENT-AUDIT/ASSESSMENT
942 _n0
999 _c68203
_d68203